00000000nam 2200000zi 4500
0019.947207
003CaOODSP
00520250121131217
006m    go  d f      
007cr |n|||||||||
008250121e198812  onc     ob   f000 0 eng d
040 |aCaOODSP|beng|erda|cCaOODSP
043 |an-cn---
0861 |aCo24-3/12-2-1988E-PDF
24500|aEvaluation study : |bGovernment Telecommunications Agency.
24637|aEvaluation report : |bGovernment Telecommunications Agency
264 1|a[Ottawa] : |bGovernment of Canada, Department of Communications = Gouvernement du Canada, Ministère des Communications, |cDecember 1988.
300 |a1 online resource (24 pages, 3 unnumbered pages)
336 |atext|btxt|2rdacontent
337 |acomputer|bc|2rdamedia
338 |aonline resource|bcr|2rdacarrier
4901 |aEvaluation report = Rapport d'évaluation ; |v[2]
500 |aDigitized copy from print [produced by Innovation, Science and Economic Development Canada].
500 |a"DOC program evaluation series."
504 |aIncludes bibliographical reference.
61010|aCanada. |bGovernment Telecommunications Agency|xEvaluation.
61016|aCanada. |bAgence des télécommunications gouvernementales|xÉvaluation.
7101 |aCanada. |bDepartment of Communications, |eissuing body.
830#0|aEvaluation report = Rapport d'évaluation ;|v[2]|w(CaOODSP)9.947045
85640|qPDF|s722 KB|uhttps://publications.gc.ca/collections/collection_2025/isde-ised/co24/Co24-3-12-2-1988-eng.pdf